Officina : cultura, letteratura e politica negli anni Cinquanta : saggio introduttivo, antologia della rivista, testi inediti e apparati /

Gardado en:
Detalles Bibliográficos
Autor Principal: Ferretti, Gian Carlo (Author)
Formato: Libro
Idioma:Lingua italiana
Publicado: Torino : Einaudi, ©1975
Series:Saggi ; 548
Subjects:
Tags: Engadir etiqueta
Sen Etiquetas, Sexa o primeiro en etiquetar este rexistro!

MARC

LEADER 00000nam a22000007i 4500
001 IT\ICCU\SBL\0586564
003 ItRI
005 20260115232257.0
008 910930s1975 it |||||| ||||| |||||c
015 |2 IT  |a 766430 
040 |b ita  |c importazione bologna sebina 
041 7 |a ita  |2 ISO-639-2 
082 |a 075  |9 GIORNALI E GIORNALISMO IN ITALIA E IN ALCUNI TERRITORI LIMITROFI  |2 20 
100 1 |a Ferretti, Gian Carlo  |0 IT\ICCU\CFIV\003630  |4 aut 
240 1 0 |a Officina  |3 IT\ICCU\USM\0069631  |9 Ferretti, Gian Carlo 
245 1 0 |a Officina :  |b cultura, letteratura e politica negli anni Cinquanta : saggio introduttivo, antologia della rivista, testi inediti e apparati /  |c Gian Carlo Ferretti. 
260 |a Torino :  |b Einaudi,  |c ©1975 
300 |a IX, 496 p. ;  |c 22 cm 
650 7 |a Officina <periodico ; 1955-1959>  |x Antologie  |2 scbi 
790 1 |a Ferretti, Giancarlo,  |d  (1930-2022)  |3 IT\ICCU\CFIV\241906  |z Ferretti, Gian Carlo 
830 0 |a Saggi ;  |v 548  |0 IT\ICCU\CFI\0000099 
942 |2 ddc  |c BK  |n 0 
952 |0 0  |1 0  |4 0  |6 DOC_801_950000000000000_FER  |7 0  |9 23431  |a BO  |b BO  |d 2026-01-15  |i 4440  |l 0  |o DOC 801.950 FER  |p BO4440  |r 2026-01-15 23:22:57  |w 2026-01-15  |x [Sebina 5] [1 v.]  |y BK  |z 1 v. 
999 |c 19967  |d 19967